000
00305nam a22001337a 4500
008
180918b xxu||||| |||| 00| 0 eng d
020
_a
9781455710393
041
_a
eng
080
_a
610.73
100
_a
2
101
_a
INF
245
_a
Nursing Clinics Of North America
_c
Krau.S.D
942
_2
udc
_c
BK
999
_c
47940
_d
47940